00504nas a2200169 4500008003900000022001400039245006000053210005900113260004700172300001600219490000700235653000900242100001500251700001600266700001100282856004100293 2007 d a0162-882800aRepresenting Images Using Nonorthogonal Haar-Like Bases0 aRepresenting Images Using Nonorthogonal HaarLike Bases aWashington, DC, USAbIEEE Computer Society a2120–21340 v2910aHaar1 aTang, Feng1 aCrabb, Ryan1 aTao, H uhttps://vision.soe.ucsc.edu/node/249